000 00726nam a22002297a 4500
999 _c15177
_d15177
003 MIRAKIL
005 20230223112900.0
008 230223b tu ||||| |||| 00| 0 tur d
020 _a9755332502
040 _aTR-AnCHP
_cTR-AnCHP
041 _atur
082 _a956.10151
_bÖ93s 2005
100 _aÖzel, Oktay
245 1 0 _aSöğüt'ten İstanbul'a Osmanlı Devleti'nin kuruluşu üzerine tartışmalar /
_cOktay Özel, Mehmet Öz
250 _a2 bs.
260 _aİstanbul :
_bİmge Kitabevi,
_c2005.
300 _a635 s.:
_bfotg.; şkl.;
_c20 sm.
504 _aKaynakça ve dizin vardır.
650 0 _9710
_aOsmanlı İmparatorluğu
_xTarih
_ykuruluş dönemi
700 _96174
_aÖz, Mehmet
942 _2ddc
_cBKS